| 000 | 01555cam a22004214a 4500 | ||
|---|---|---|---|
| 001 | 10703551 | ||
| 003 | ARRUPE | ||
| 005 | 20160112111127.0 | ||
| 006 | m d | ||
| 007 | cr n | ||
| 008 | 071101s2008 ncu sb 001 0 eng d | ||
| 015 |
_aGBA854475 _2bnb |
||
| 016 | 7 |
_a014584049 _2Uk |
|
| 020 | _a9780822339540 (cloth : alk. paper) | ||
| 020 | _a0822339544 (cloth : alk. paper) | ||
| 020 | _a9780822339656 (pbk. : alk. paper) | ||
| 020 | _a082233965X (pbk. : alk. paper) | ||
| 035 | _a(WaSeSS)ssj0000390602 | ||
| 040 |
_aDLC _cDLC _dBTCTA _dBAKER _dYDXCP _dUKM _dC#P _dDLC _dWaSeSS |
||
| 050 | 4 |
_aHM494 _b.R33 2008 |
|
| 082 | 0 | 0 |
_a301 _222 |
| 100 | 1 |
_aRadhakrishnan, R. _q(Rajagopalan) _919909 |
|
| 210 | 1 | 0 | _aHistory, the human, and the world between |
| 245 | 1 | 0 |
_aHistory, the human, and the world between _cR. Radhakrishnan. |
| 260 |
_aDurham : _bDuke University Press, _cc2008. |
||
| 300 |
_ax, 285p.; _c24cm. |
||
| 504 | _aIncludes bibliographical references (p. [267]-279) and index. | ||
| 505 | 0 | _aRevisionism and the subject of history -- Edward Said and the politics of secular humanism -- Worlding, by any other name. | |
| 506 | _aLicense restrictions may limit access. | ||
| 650 | 0 |
_aPhenomenological sociology. _919910 |
|
| 650 | 0 |
_aPoststructuralism. _919911 |
|
| 650 | 0 |
_aHumanism. _919912 |
|
| 650 | 0 |
_aIdentity (Psychology) _919913 |
|
| 650 | 0 |
_aNature and nurture. _99108 |
|
| 773 | 0 | _te-Duke Books Scholarly Collection 2008 | |
| 910 | _aLibrary of Congress record | ||
| 942 |
_2lcc _cMONOGRAPH |
||
| 999 |
_c123417 _d123417 |
||